Source book on political parties’ manifestoes constitutions (Record no. 42748)

MARC details
000 -LEADER
fixed length control field 00393nam a2200157Ia 4500
020 ## - INTERNATIONAL STANDARD BOOK NUMBER
ISBN 9780751874
245 #0 - TITLE STATEMENT
Title Source book on political parties’ manifestoes constitutions
260 ## - PUBLICATION, DISTRIBUTION, ETC. (IMPRINT)
Place of publication Abuja
260 ## - PUBLICATION, DISTRIBUTION, ETC. (IMPRINT)
Name of publisher National Orientation Agency
260 ## - PUBLICATION, DISTRIBUTION, ETC. (IMPRINT)
Year of publication 2011
300 ## - PHYSICAL DESCRIPTION
Number of Pages 1633 p
650 ## - SUBJECT ADDED ENTRY--TOPICAL TERM
Topical Term Abuja
942 ## - ADDED ENTRY ELEMENTS (KOHA)
Koha item type Books
Holdings
Withdrawn status Lost status Source of classification or shelving scheme Damaged status Not for loan Permanent Location Current Location Shelving location Date acquired Accession Number Price effective from Koha item type
    Library of Congress Classification     NILE UNIVERSITY OF NIGERIA - MAIN LIBRARY NILE UNIVERSITY OF NIGERIA - MAIN LIBRARY Items on shelf 06/03/2025 0003910 06/03/2025 Books
    Library of Congress Classification     NILE UNIVERSITY OF NIGERIA - MAIN LIBRARY NILE UNIVERSITY OF NIGERIA - MAIN LIBRARY Items on shelf 06/03/2025 0003928 06/03/2025 Books